| 000 | 00452nam a2200157 a 4500 | ||
|---|---|---|---|
| 001 | 9367 | ||
| 003 | CO-ViMGA | ||
| 008 | 141112s2004 ck r 000 u spa d | ||
| 040 |
_aCO-ViMGA _bspa _cCO-ViMGA |
||
| 082 | 0 | 4 | _a980 H673 |
| 245 | 1 | 0 | _aHistoria de América Latina. |
| 260 |
_aBarcelona : _bCritica, _c1998 |
||
| 300 | _a13v. : il | ||
| 650 | 1 | 4 |
_aAmérica PRECOLOMBINA, DOMINACION ESPAÑOLA, Política, Economía, HISTORIA. _910174 |
| 942 |
_2ddc _cBK |
||
| 999 |
_c20892 _d20892 |
||